Colony and Protectorate of Kenya (Record no. 3191)

MARC details
000 -LEADER
fixed length control field 00539nam a22001337a 4500
008 - FIXED-LENGTH DATA ELEMENTS--GENERAL INFORMATION
fixed length control field 230703b xxu||||| |||| 00| 0 eng d
082 ## - DEWEY DECIMAL CLASSIFICATION NUMBER
Classification number 352
Item number COL
100 ## - MAIN ENTRY--PERSONAL NAME
Titles and words associated with a name Colony and Protectorate of Kenya
245 ## - TITLE STATEMENT
Title Colony and Protectorate of Kenya
Remainder of title Report of the local Government commission 1927
Statement of responsibility, etc. Volume 1
Medium The Settled areas.Grant of Maistarial powers to selected justices of the peace.Central Authority for Local Government purposes
260 ## - PUBLICATION, DISTRIBUTION, ETC. (IMPRINT)
Place of publication, distribution, etc. London
Name of publisher, distributor, etc. crown Agents for the colonies
300 ## - PHYSICAL DESCRIPTION
Extent 202p
440 ## - SERIES STATEMENT/ADDED ENTRY--TITLE
Volume/sequential designation volume 1
942 ## - ADDED ENTRY ELEMENTS (KOHA)
Source of classification or shelving scheme Dewey Decimal Classification
Koha item type Books
Holdings
Withdrawn status Lost status Source of classification or shelving scheme Damaged status Not for loan Home library Current library Date acquired Total Checkouts Full call number Barcode Date last seen Price effective from Koha item type
    Dewey Decimal Classification     County Hall Archives County Hall Archives 07/03/2023   352 COL 10001057 07/03/2023 07/03/2023 Books
LIBRARY OPENING HOURS

When the Parliament is sitting: 8.00a.m - 7.00p.m or until the house adjourns
Mondays and Fridays and when the House is on Recess:  8.00a.m - 5.00p.m
Closed on Weekends and Public Holidays

Online Public Access Catalog (OPAC)
Website: http://www.parliament.go.ke
Bunge Library: https://libraryir.parliament.go.ke
Contact: library@parliament.go.ke | Tel no: (254-2)2221291 or 2848000 Ext 5043